Mixed Word: Mystery Theme II Quiz Stats

 Plays Quiz Updated Mar 30, 2018

Score 0/20 Timer 02:00
2 Plays Today
Scrambled Word Answer % Correct
GOLLOG
99.7%
EXTTTEXT
98%
DCOECODE
98%
ETONNOTE
97.7%
HSCACASH
96.4%
ULEBBLUE
95.4%
KORWWORK
95.3%
LYAPPLAY
95%
KANBBANK
94.8%
CCKEHCHECK
94.7%
Scrambled Word Answer % Correct
KOCOCOOK
93.6%
MROWWORM
92.6%
GONSSONG
91.9%
CHATMMATCH
89.6%
RAYEYEAR
88.5%
REVOOVER
87.8%
DIUEGGUIDE
78.4%
PRACSSCRAP
78.2%
COPETKPOCKET
64%
Common Bond:BOOK
48.5%

You're not logged in!

Compare scores with friends on all Sporcle quizzes.
OR
Log In

Sporcle TV

Today on Sporcle TV


Watch our educational content, quiz creation guides, and fun videos on Sporcle TV.

Show Comments

Extras

Top Quizzes Today


Score Distribution

Your Account Isn't Verified!

In order to create a playlist on Sporcle, you need to verify the email address you used during registration. Go to your Sporcle Settings to finish the process.

Report this User

Report this user for behavior that violates our Community Guidelines.

Details: